[Event "Stay Safe Play From Home 231"]
[Site "Emanuel Lasker Arena"]
[Date "2020.06.16"]
[Round "3"]
[White "Fingerfehler1"]
[Black "Tunca"]
[Result "1-0"]
[WhiteElo "1740"]
[BlackElo "1762"]
[Annotator "NA RC"]
[PlyCount "129"]
[EventDate "2020.06.16"]
[EventType "swiss (blitz)"]

1. e4 {[%emt 0:00:03]} Nf6 {[%emt 0:00:01]} 2. e5 {[%emt 0:00:01]} Nd5 {[%emt 0:00:01]} 3. d4 {[%emt 0:00:01]} d6 {[%emt 0:00:01]} 4. exd6 {[%emt 0:00:01]} cxd6 {[%emt 0:00:00]} 5. Bc4 {[%emt 0:00:02]} Nb6 {[%emt 0:00:01]} 6. Bb3 {[%emt 0:00:01]} g6 {[%emt 0:00:03]} 7. Nf3 {[%emt 0:00:02]} Bg7 {[%emt 0:00:00]} 8. h3 {[%emt 0:00:02]} O-O {[%emt 0:00:01]} 9. O-O {[%emt 0:00:02]} Nc6 {[%emt 0:00:01]} 10. c3 {[%emt 0:00:02]} Bf5 {[%emt 0:00:03]} 11. Bf4 {[%emt 0:00:05]} Na5 {[%emt 0:00:03]} 12. Nbd2 {[%emt 0:00:16]} Nxb3 {[%emt 0:00:31]} 13. axb3 {[%emt 0:00:02]} Nd5 {[%emt 0:00:03]} 14. Bg3 {[%emt 0:00:19]} a6 {[%emt 0:00:47]} 15. Re1 {[%emt 0:00:09]} Re8 {[%emt 0:00:02]} 16. Nh4 {[%emt 0:00:27]} Bd7 {[%emt 0:00:25]} 17. f4 {[%emt 0:00:07]} Bc6 {[%emt 0:00:04]} 18. f5 {[%emt 0:00:17]} Rc8 {[%emt 0:00:23]} 19. Ne4 {[%emt 0:00:20]} Nf6 {[%emt 0:00:17]} 20. Nxf6+ {[%emt 0:00:07]} Bxf6 {[%emt 0:00:00]} 21. fxg6 {[%emt 0:00:01]} hxg6 {[%emt 0:00:01]} 22. Qg4 {[%emt 0:00:06]} Kh7 {[%emt 0:00:31]} 23. Nf3 {[%emt 0:00:11]} Bxf3 {[%emt 0:00:10]} 24. Qxf3 {[%emt 0:00:06]} Rh8 {[%emt 0:00:01]} 25. Re2 {[%emt 0:00:07]} Kg7 {[%emt 0:00:02]} 26. Rae1 {[%emt 0:00:07]} Rh5 {[%emt 0:00:01]} 27. Bh2 {[%emt 0:00:05]} Qb6 {[%emt 0:00:02]} 28. b4 {[%emt 0:00:13]} a5 {[%emt 0:00:01]} 29. bxa5 {[%emt 0:00:04]} Rxa5 {[%emt 0:00:00]} 30. g4 {[%emt 0:00:08]} Ra2 {[%emt 0:00:04]} 31. Qf2 {[%emt 0:00:08]} Rca8 {[%emt 0:00:14]} 32. h4 {[%emt 0:00:02]} Ra1 {[%emt 0:00:02]} 33. g5 {[%emt 0:00:01]} Rxe1+ {[%emt 0:00:01]} 34. Qxe1 {[%emt 0:00:01]} Bxd4+ {[%emt 0:00:03]} 35. cxd4 {[%emt 0:00:01]} Qxd4+ {[%emt 0:00:00]} 36. Kh1 {[%emt 0:00:02]} Qd5+ {[%emt 0:00:02]} 37. Kg1 {[%emt 0:00:01]} e5 {[%emt 0:00:01]} 38. Qf2 {[%emt 0:00:03]} Ra1+ {[%emt 0:00:02]} 39. Re1 {[%emt 0:00:01]} Rxe1+ {[%emt 0:00:05]} 40. Qxe1 {[%emt 0:00:01]} Qd4+ {[%emt 0:00:01]} 41. Qf2 {[%emt 0:00:01]} Qg4+ {[%emt 0:00:01]} 42. Kf1 {[%emt 0:00:05]} Qd1+ {[%emt 0:00:03]} 43. Kg2 {[%emt 0:00:01]} Qg4+ {[%emt 0:00:01]} 44. Bg3 {[%emt 0:00:01]} Qe4+ {[%emt 0:00:04]} 45. Kh2 {[%emt 0:00:01]} Qf5 {[%emt 0:00:04]} 46. Qb6 {[%emt 0:00:09]} Qd7 {[%emt 0:00:02]} 47. Bf2 {[%emt 0:00:05]} f5 {[%emt 0:00:02]} 48. gxf6+ {[%emt 0:00:02]} Kxf6 {[%emt 0:00:00]} 49. Be3 {[%emt 0:00:02]} Ke6 {[%emt 0:00:05]} 50. Bg5 {[%emt 0:00:01]} Qc6 {[%emt 0:00:02]} 51. Qxc6 {[%emt 0:00:02]} bxc6 {[%emt 0:00:00]} 52. Kg2 {[%emt 0:00:01]} Kd5 {[%emt 0:00:02]} 53. Kf3 {[%emt 0:00:01]} Kc4 {[%emt 0:00:02]} 54. Bc1 {[%emt 0:00:03]} d5 {[%emt 0:00:01]} 55. Kg4 {[%emt 0:00:01]} Kd3 {[%emt 0:00:05]} 56. Kg5 {[%emt 0:00:01]} e4 {[%emt 0:00:03]} 57. Kxg6 {[%emt 0:00:01]} e3 {[%emt 0:00:01]} 58. Bxe3 {[%emt 0:00:02]} Kxe3 {[%emt 0:00:00]} 59. h5 {[%emt 0:00:00]} d4 {[%emt 0:00:00]} 60. h6 {[%emt 0:00:00]} d3 {[%emt 0:00:00]} 61. h7 {[%emt 0:00:00]} d2 {[%emt 0:00:00]} 62. h8=Q {[%emt 0:00:00]} d1=Q {[%emt 0:00:00]} 63. Qh6+ {[%emt 0:00:01]} Ke4 {[%emt 0:00:02]} 64. Qh4+ {[%emt 0:00:02]} Kd5 {[%emt 0:00:01]} 65. Qd8+ {[%emt 0:00:01] Tunca resigns (Lag: Av=0.68s, max=3.2s)} 1-0

[Event "Stay Safe Play From Home 231"]
[Site "Emanuel Lasker Arena"]
[Date "2020.06.16"]
[Round "3"]
[White "Timbre"]
[Black "Position"]
[Result "0-1"]
[WhiteElo "1670"]
[BlackElo "2134"]
[Annotator "TA"]
[PlyCount "76"]
[EventDate "2020.06.16"]
[EventType "swiss (blitz)"]

{[%evp 15,75,0,0,-11,-11,-14,-5,-12,0,-7,-2,-38,-36,-48,-55,-74,-18,-47,-20,-41,-41,-32,-25,-31,18,20,41,42,56,-17,41,-12,-16,-30,0,11,14,-110,-110,-138,-134,-216,-134,-329,-321,-418,-417,-783,-441,-29974,-29975,-29973,-29946,-5569,-5281,-29992,-29993,-29997,-29998,-29998,-29999,-29999]} 1. d4 Nf6 2. Nf3 b6 3. c3 Bb7 4. Bf4 d6 5. e3 g6 6. Be2 Bg7 7. Nbd2 O-O 8. O-O Nbd7 {[#]} 9. a3 $146 {A47: 1 d4 Nf6 2 Nf3 b6: Torre, London and Colle Systems.} ({Predecessor:} 9. h3 Qe8 10. Bh2 e5 11. dxe5 dxe5 12. Nc4 Ne4 13. Nfd2 Rd8 14. Nxe4 Bxe4 15. Qa4 Nc5 16. Qxa7 Qc6 17. Bxe5 Ne6 18. Bxg7 Kxg7 19. Ne5 Qd5 20. f4 Ra8 {0-1 (20) Besedes,D (2276)-Khegay,D (2528) chess.com INT 2020}) 9... Re8 10. Qb3 h6 11. h3 {The position is equal.} e5 12. dxe5 Nxe5 13. Bxe5 dxe5 14. Rad1 Qe7 15. Qc2 Rad8 (15... e4 $17 16. Nh2 Rad8) 16. Nc4 Ne4 17. Rxd8 Rxd8 18. Rd1 Re8 19. Ncd2 Ng5 20. Nxg5 Qxg5 {[%csl Gb7][%cal Rg5g2]} 21. Bf3 Bc8 22. Kh2 (22. Qa4 $14 Rd8 23. h4 (23. Qxa7 Qe7 $14)) 22... Bf5 (22... Rd8 $11) 23. e4 (23. Qa4 $14 Qe7 24. Be4) 23... Be6 $36 {[%mdl 2048] Black has good play.} 24. Nf1 Qf4+ (24... Bf8 {is more complex.} 25. Qa4 Ra8 26. Ne3 Qf4+ 27. Kg1 Bc5) 25. Kg1 {[#]} Bxh3 $1 {[%mdl 512]} 26. gxh3 (26. Qa4 $11 Ra8 27. Ne3) 26... Qxf3 $17 27. Ng3 h5 28. Re1 (28. Rd7 $17) 28... h4 29. Nf1 $2 {Now White is beyond hope.} (29. Re3 $17 Qf6 30. Ne2) 29... Qxh3 $19 30. Ne3 Bh6 31. Qa4 (31. Qd1 $142 Bf4 32. Qg4 Qxg4+ 33. Nxg4) 31... Re6 {Threatens to win with ...Bf4.} 32. Qxa7 {[#]} (32. Qd1 $19 Bf4 33. Qg4 Qxg4+ 34. Nxg4) 32... Bxe3 33. Rxe3 {[%mdl 4096] Endgame KQR-KQR} Qg4+ 34. Kf1 Rd6 {( -> ...Rd1+)} 35. Qb8+ Kg7 {Black mates.} 36. Qxc7 Rd1+ 37. Re1 Qh3+ 38. Ke2 Qd3# {Accuracy: White = 42%, Black = 66%.} 0-1

[Event "Stay Safe Play From Home 231"]
[Site "Emanuel Lasker Arena"]
[Date "2020.06.16"]
[Round "4"]
[White "Weltszmerc"]
[Black "Indianquant"]
[Result "0-1"]
[WhiteElo "2116"]
[BlackElo "2331"]
[Annotator "TA"]
[PlyCount "108"]
[EventDate "2020.06.16"]
[EventType "swiss (blitz)"]

{[%evp 27,108,36,38,30,43,14,12,-11,0,-7,0,0,0,-27,8,14,62,23,87,0,27,14,44,43,61,-11,0,-18,-8,-8,0,0,-2,-42,-44,-156,-149,-123,-65,-118,-129,-128,-76,-98,-90,-137,-102,-149,-158,-155,0,-227,-237,-328,-289,-391,-274,-383,-357,-702,-677,-1015,-784,-2262,-2239,-1959,-1864,-1700,-1700,-1469,-1077,-29991,-1589,-29992,-29993,-29993,-29992,-29992,-29993,-29995,-29996,-29996,-29997]} 1. d4 Nf6 2. c4 e6 3. Nf3 c5 4. d5 exd5 5. cxd5 d6 6. Nc3 g6 7. e4 a6 8. a4 Bg4 9. Be2 Bxf3 10. Bxf3 Nbd7 11. Bf4 Qe7 12. O-O Bg7 13. Re1 O-O 14. a5 Rfe8 {[#] has lost popularity (14...Ne8).} 15. Ra2 $146 {A75: Modern Benoni: Classical: 9...a6 10 a4 Bg4.} ({Predecessor:} 15. Qd2 Rac8 16. Na4 h5 17. h3 Nh7 18. Bd1 Bd4 19. Nc3 Qf6 20. Ba4 Rcd8 21. Rac1 Re7 22. Be3 b5 23. axb6 Nxb6 {½-½ (39) Staniszewski,J (2500)-Koegler,K (2524) ICCF email 2012}) 15... Rac8 16. h3 c4 17. Na4 {The position is equal.} Ne5 18. Nb6 Rc7 19. Bxe5 Qxe5 20. Qc2 Qd4 21. Ra4 Qc5 22. g3 ({Much worse is} 22. Rxc4 $6 Qxa5 23. Re2 Rxc4 $11) 22... c3 (22... Nd7 $11) 23. b3 (23. Rc4 $16 Qxb6 {[%mdl 64] Remove Defender} 24. axb6 Rxc4 25. e5 (25. bxc3 Nd7 $16)) 23... Rce7 24. Kg2 h5 25. Re3 Nd7 26. Nxd7 (26. Rc4 $1 $14 Qxa5 27. Nc8 {[%mdl 64] Double Attack}) 26... Rxd7 $11 27. Rd3 Rc7 28. Rd1 Qb5 29. Be2 Qd7 30. Bd3 {[#]} h4 $1 $36 {[%mdl 2560] Black has the initiative.} 31. Rc4 (31. Rf1 $15) (31. gxh4 Qe7) 31... hxg3 32. fxg3 Qe7 (32... Rxc4 $17 33. bxc4 Be5) 33. Qf2 (33. Ra4 $15) 33... Rxc4 $17 34. bxc4 Qc7 (34... Rc8 $142 {...Rxc4! is the strong threat.} 35. Qa2 Rc5) 35. Rf1 Re7 36. Qa2 Qc5 37. Rf2 Bd4 38. Re2 Bg7 $2 (38... Be5 $17 39. Re1 b6 40. axb6 Rb7) 39. Qb3 $2 (39. Rf2 $11 {and White is okay.}) 39... Qxa5 $19 40. Bc2 Qc5 41. Qb1 b5 42. cxb5 axb5 43. Qb3 $2 (43. h4) 43... b4 44. Bd3 Be5 45. Qc4 Qxc4 46. Bxc4 {[%mdl 4096] Endgame KRB-KRB} Rc7 47. Bb3 Ra7 48. Kf3 Ra3 49. Bc4 b3 (49... c2+ $142 50. Re3 c1=Q 51. Rxa3 bxa3 52. Ba2 Qd1+ 53. Ke3 Bd4+ 54. Kf4 Qe2 55. Kg5 Qf3 56. g4 Qf6+ 57. Kh6 Qh4#) 50. Ke3 b2 {Black mates.} 51. Bd3 c2 {[%mdl 64] Promotion} 52. Rxc2 b1=Q 53. Rc8+ {[#]} Kg7 $1 54. Kf2 Qxd3 {Accuracy: White = 32%, Black = 59%.} 0-1

[Event "Stay Safe Play From Home 231"]
[Site "Emanuel Lasker Arena"]
[Date "2020.06.16"]
[Round "4"]
[White "Haxhi Baha"]
[Black "Position"]
[Result "0-1"]
[WhiteElo "2024"]
[BlackElo "2136"]
[Annotator "TA"]
[PlyCount "74"]
[EventDate "2020.06.16"]
[EventType "swiss (blitz)"]

{[%evp 15,73,22,72,16,62,50,145,126,149,151,202,196,331,147,145,153,500,495,410,316,337,266,325,187,279,216,207,172,186,155,208,206,180,159,156,106,118,94,233,240,234,238,386,287,293,285,285,272,417,407,441,44,304,-58,271,204,194,-29998,-29999,-29999]} 1. e4 c5 2. Nf3 d6 3. d4 cxd4 4. Nxd4 Nf6 5. Nc3 a6 6. f4 e6 7. Qf3 Qc7 8. Be3 Nc6 9. h3 {B82: Sicilian Scheveningen: 6 f4.} (9. O-O-O $16) 9... Bd7 10. g4 O-O-O ({Black should try} 10... d5 $14) 11. g5 $16 {[#] White is clearly better.} Ng8 $146 ({Predecessor:} 11... Ne8 12. O-O-O g6 13. Nxc6 Bxc6 14. Bd4 Bg7 15. Qe3 Bxd4 16. Rxd4 Ng7 17. Rg1 Rhe8 {0-1 (46) Muraydan,K-Samer,A Beirut 2000}) 12. O-O-O Nge7 (12... h6 $16 13. Qf2 hxg5) 13. Qf2 $18 Re8 (13... Nxd4 $142 14. Rxd4 (14. Bxd4 Re8 $16) 14... Re8) 14. h4 (14. Nb3 $18 {and White stays clearly on top.}) 14... Nxd4 $16 15. Bxd4 Nc6 $2 (15... Kb8 $16 {is more resistant.} 16. Be2 h6) 16. Bb6 $18 Qb8 17. h5 Be7 18. Rg1 Bd8 19. Be3 (19. Na4 $142) 19... Bc7 (19... Qc7 $142 20. Qd2 e5) 20. a3 Ne7 21. Bh3 b5 22. f5 Qb7 (22... g6 $16 23. Bg2 gxf5) 23. f6 gxf6 24. Qxf6 Nc6 25. Bf4 (25. Qxf7 $6 Ne5 $16) 25... Bd8 26. Qh6 $36 {[%mdl 2048] White is on the roll.} ({Don't play} 26. Qxf7 $6 Rhf8 $11) 26... Ne5 (26... Qa7 $16) 27. Rxd6 Nc4 28. Rd3 b4 (28... Bc7 $142 29. Qf6 Bxf4+ 30. Qxf4 Qc7) 29. axb4 Qxb4 30. Nd1 {[#] And now Rb3 would win.} Qa5 {[%cal Ra5a1]} 31. Kb1 Bb6 (31... Bc7 $142) 32. Rf1 Bb5 33. Rc3 $2 (33. Qg7 $18 Bc5 34. Nc3 Nxb2 35. Rd5) 33... Kb7 $2 {[%mdl 8192]} (33... Bd4 $14 34. Rd3 Rd8) 34. Bg2 $2 (34. Qg7 $18 Ka8 35. e5 (35. Qxf7 Rhf8 $17)) 34... Ka7 $2 {[%mdl 8192]} (34... Nxb2 $1 $15 {keeps the upper hand.} 35. Rb3 Na4) 35. Qf6 Rd8 36. Ne3 $4 {[%mdl 8192] [#]} ({Worse is} 36. Qxf7+ Rd7 $11) (36. e5 $18) 36... Nd2+ {[%mdl 64] Double Attack, Discovered Attack} 37. Kc1 Qa1# {Accuracy: White = 33%, Black = 31%.} 0-1

[Event "Stay Safe Play From Home 231"]
[Site "Emanuel Lasker Arena"]
[Date "2020.06.16"]
[Round "4"]
[White "Haris kollari 13"]
[Black "Don59as"]
[Result "0-1"]
[WhiteElo "2006"]
[BlackElo "1953"]
[Annotator "NA"]
[PlyCount "34"]
[EventDate "2020.06.16"]
[EventType "swiss (blitz)"]

1. e4 {[%emt 0:00:01]} e5 {[%emt 0:00:04]} 2. Nf3 {[%emt 0:00:01]} Nc6 {[%emt 0:00:04]} 3. Bb5 {[%emt 0:00:02]} f5 {[%emt 0:00:01]} 4. exf5 {[%emt 0:00:05]} e4 {[%emt 0:00:01]} 5. Qe2 {[%emt 0:00:00]} Qe7 {[%emt 0:00:01]} 6. Bxc6 {[%emt 0:00:01]} dxc6 {[%emt 0:00:00]} 7. Nd4 {[%emt 0:00:01]} Nf6 {[%emt 0:00:01]} 8. O-O {[%emt 0:00:02]} Qe5 {[%emt 0:00:01]} 9. c3 {[%emt 0:00:01]} Bxf5 {[%emt 0:00:05]} 10. Nxf5 {[%emt 0:00:02]} Qxf5 {[%emt 0:00:01]} 11. Re1 {[%emt 0:00:10]} O-O-O {[%emt 0:00:03]} 12. b4 {[%emt 0:00:04]} Bd6 {[%emt 0:00:02]} 13. Na3 {[%emt 0:00:09]} Rhf8 {[%emt 0:00:10]} 14. Nc4 {[%emt 0:00:02]} Bxh2+ {[%emt 0:00:06]} 15. Kxh2 {[%emt 0:00:04]} Ng4+ {[%emt 0:00:01]} 16. Kg3 {[%emt 0:00:09]} Nxf2 {[%emt 0:00:07]} 17. Ne3 {[%emt 0:00:05]} Qf4# {[%emt 0:00:10] (Lag: Av=0.49s, max=0.6s)} 0-1

[Event "Stay Safe Play From Home 231"]
[Site "Emanuel Lasker Arena"]
[Date "2020.06.16"]
[Round "4"]
[White "Lucknow"]
[Black "Lazieri3"]
[Result "1/2-1/2"]
[WhiteElo "1836"]
[BlackElo "2072"]
[Annotator "TA"]
[PlyCount "114"]
[EventDate "2020.06.16"]
[EventType "swiss (blitz)"]

{[%evp 21,114,17,21,23,26,18,23,6,24,11,25,11,33,0,7,0,9,0,0,0,6,4,12,16,42,0,0,0,0,0,0,0,0,0,0,0,0,0,0,0,25,0,0,0,0,0,0,0,0,0,0,0,0,0,0,0,0,0,0,0,0,0,0,0,0,0,0,0,0,-12842,0,0,0,0,0,0,0,0,0,0,0,0,0,0,0,0,0,0,0,0,0,0,0,0,0]} 1. d4 c6 2. c4 d5 3. Nf3 Nf6 4. Nc3 Bf5 5. e3 e6 6. Bd3 Bxd3 7. Qxd3 Bd6 8. e4 dxe4 9. Nxe4 Nxe4 10. Qxe4 Nd7 11. O-O Nf6 {11...0-0 is the fancy move.} 12. Qe2 {D12: Slav Defence: 3 Nf3 Nf6 4 e3 Bf5.} h6 13. h3 O-O 14. Be3 {[#] White has an edge.} Rc8 $146 ({Predecessor:} 14... Qc7 15. Rfd1 Rfd8 16. Rac1 Rac8 17. d5 e5 18. c5 Bf8 19. d6 Qa5 20. a3 e4 {1-0 (64) Amiri,A (1524)-Daggupati,B (1730) Al Ain 2013}) 15. Rad1 Bb8 16. Ne5 Nd7 17. Bf4 Nxe5 18. Bxe5 Qe7 19. Bxb8 Rxb8 20. d5 cxd5 21. cxd5 Rfe8 22. Rfe1 e5 23. Qe4 Rbd8 24. Rd3 Rd6 25. f4 {[%cal Rf4e5]} f6 26. fxe5 Qxe5 27. Qxe5 Rxe5 28. Rxe5 fxe5 $11 {[%mdl 4096] Endgame KR-KR} 29. Kf2 Kf7 30. Ke3 Ke7 31. Ke4 Rb6 32. Kxe5 Rxb2 {[%mdl 64] [#] Double Attack} 33. Rg3 g5 34. h4 Re2+ 35. Kd4 gxh4 36. Rg7+ Kd6 37. Rg6+ Kd7 38. Rg7+ Kd6 39. Rg6+ Kc7 40. Rxh6 Rxa2 41. Rh7+ Kb6 42. Ke5 Re2+ 43. Kd6 Rxg2 44. Rxh4 a5 45. Ke7 $2 {[%mdl 8192] [#]} (45. Rc4 $11) 45... Rd2 $2 (45... Kc5 $1 $19 {Strongly threatening ...b5.} 46. d6 Rg7+ 47. Kf6 Rd7 48. Rh5+ Kxd6 49. Rxa5 Kc6) 46. d6 {The position is equal.} Kc6 47. Rc4+ Kb5 48. Rc7 Kb6 49. Rc4 Kb5 50. Rc7 b6 51. d7 a4 52. Ra7 (52. d8=Q {seems wilder.} Rxd8 53. Kxd8) 52... Kb4 53. Ra6 (53. d8=Q {looks sharper.} Rxd8 54. Kxd8) 53... Rxd7+ 54. Kxd7 a3 55. Kc6 Kb3 56. Kxb6 a2 57. Rxa2 Kxa2 {Accuracy: White = 89%, Black = 91%.} 1/2-1/2

[Event "Stay Safe Play From Home 231"]
[Site "Emanuel Lasker Arena"]
[Date "2020.06.16"]
[Round "4"]
[White "Fingerfehler1"]
[Black "Timbre"]
[Result "0-1"]
[WhiteElo "1758"]
[BlackElo "1668"]
[Annotator "NA RC"]
[PlyCount "78"]
[EventDate "2020.06.16"]
[EventType "swiss (blitz)"]

1. e4 {[%emt 0:00:02]} c6 {[%emt 0:00:02]} 2. d4 {[%emt 0:00:01]} d5 {[%emt 0:00:01]} 3. exd5 {[%emt 0:00:00]} cxd5 {[%emt 0:00:02]} 4. Bd3 {[%emt 0:00:01]} Nf6 {[%emt 0:00:02]} 5. h3 {[%emt 0:00:01]} Nc6 {[%emt 0:00:01]} 6. Nf3 {[%emt 0:00:01]} a6 {[%emt 0:00:01]} 7. a4 {[%emt 0:00:06]} e6 {[%emt 0:00:02]} 8. Bg5 {[%emt 0:00:05]} Be7 {[%emt 0:00:02]} 9. Nbd2 {[%emt 0:00:03]} O-O {[%emt 0:00:03]} 10. O-O {[%emt 0:00:02]} Bd7 {[%emt 0:00:04]} 11. c3 {[%emt 0:00:02]} Na5 {[%emt 0:00:04]} 12. Rc1 {[%emt 0:00:05]} b5 {[%emt 0:00:03]} 13. axb5 {[%emt 0:00:12]} Bxb5 {[%emt 0:00:03]} 14. Bxb5 {[%emt 0:00:01]} axb5 {[%emt 0:00:01]} 15. Ne5 {[%emt 0:00:06]} Nc4 {[%emt 0:00:02]} 16. Ndxc4 {[%emt 0:00:23]} bxc4 {[%emt 0:00:03]} 17. Nc6 {[%emt 0:00:01]} Qc7 {[%emt 0:00:02]} 18. Nxe7+ {[%emt 0:00:03]} Qxe7 {[%emt 0:00:01]} 19. Qf3 {[%emt 0:00:02]} Rab8 {[%emt 0:00:04]} 20. Rb1 {[%emt 0:00:21]} h6 {[%emt 0:00:04]} 21. Bh4 {[%emt 0:00:05]} g5 {[%emt 0:00:03]} 22. Bg3 {[%emt 0:00:01]} Ne4 {[%emt 0:00:02]} 23. Bxb8 {[%emt 0:00:07]} Rxb8 {[%emt 0:00:04]} 24. Rfd1 {[%emt 0:00:04]} Rf8 {[%emt 0:00:03]} 25. Qe3 {[%emt 0:00:07]} Qf6 {[%emt 0:00:05]} 26. f3 {[%emt 0:00:09]} Ng3 {[%emt 0:00:06]} 27. Kh2 {[%emt 0:00:08]} Nf5 {[%emt 0:00:03]} 28. Qd2 {[%emt 0:00:12]} Qg6 {[%emt 0:00:13]} 29. f4 {[%emt 0:00:10]} g4 {[%emt 0:00:05]} 30. hxg4 {[%emt 0:00:26]} Qxg4 {[%emt 0:00:03]} 31. Qf2 {[%emt 0:00:05]} Kh7 {[%emt 0:00:15]} 32. Ra1 {[%emt 0:00:03]} Rg8 {[%emt 0:00:04]} 33. Rg1 {[%emt 0:00:07]} Rg7 {[%emt 0:00:03]} 34. g3 {[%emt 0:00:03]} Qh5+ {[%emt 0:00:07]} 35. Kg2 {[%emt 0:00:02]} Rxg3+ {[%emt 0:00:08]} 36. Kf1 {[%emt 0:00:01]} Rxg1+ {[%emt 0:00:07]} 37. Qxg1 {[%emt 0:00:05]} Qh3+ {[%emt 0:00:02]} 38. Qg2 {[%emt 0:00:04]} Qd3+ {[%emt 0:00:06]} 39. Qe2 {[%emt 0:00:08]} Ng3+ {[%emt 0:00:05] Fingerfehler1 gibt auf (Lag: Av=0.73s, max=1.1s)} 0-1

[Event "Stay Safe Play From Home 231"]
[Site "Emanuel Lasker Arena"]
[Date "2020.06.16"]
[Round "4"]
[White "Shyamph1980"]
[Black "Dukic"]
[Result "1/2-1/2"]
[WhiteElo "1655"]
[BlackElo "2061"]
[Annotator "NA"]
[PlyCount "166"]
[EventDate "2020.06.16"]
[EventType "swiss (blitz)"]

1. e4 {[%emt 0:00:07]} c6 {[%emt 0:00:00]} 2. Nc3 {[%emt 0:00:03]} d6 {[%emt 0:00:01]} 3. d4 {[%emt 0:00:01]} Nd7 {[%emt 0:00:07]} 4. g3 {[%emt 0:00:01]} e5 {[%emt 0:00:01]} 5. Bg2 {[%emt 0:00:02]} Be7 {[%emt 0:00:01]} 6. Nge2 {[%emt 0:00:01]} h5 {[%emt 0:00:01]} 7. h4 {[%emt 0:00:03]} f6 {[%emt 0:00:01]} 8. Bh3 {[%emt 0:00:06]} Nh6 {[%emt 0:00:03]} 9. Be3 {[%emt 0:00:06]} Ng4 {[%emt 0:00:06]} 10. Qd2 {[%emt 0:00:06]} Qa5 {[%emt 0:00:08]} 11. f3 {[%emt 0:00:03]} Nxe3 {[%emt 0:00:02]} 12. Qxe3 {[%emt 0:00:02]} b5 {[%emt 0:00:04]} 13. a3 {[%emt 0:00:02]} b4 {[%emt 0:00:02]} 14. Na2 {[%emt 0:00:09]} c5 {[%emt 0:00:05]} 15. dxe5 {[%emt 0:00:10]} dxe5 {[%emt 0:00:03]} 16. O-O {[%emt 0:00:02]} Qb5 {[%emt 0:00:13]} 17. axb4 {[%emt 0:00:03]} cxb4 {[%emt 0:00:02]} 18. Kg2 {[%emt 0:00:05]} Bc5 {[%emt 0:00:18]} 19. Qd2 {[%emt 0:00:05]} Nb6 {[%emt 0:00:07]} 20. b3 {[%emt 0:00:05]} Bxh3+ {[%emt 0:00:08]} 21. Kxh3 {[%emt 0:00:01]} Rd8 {[%emt 0:00:05]} 22. Qe1 {[%emt 0:00:03]} O-O {[%emt 0:00:23]} 23. Rd1 {[%emt 0:00:03]} a5 {[%emt 0:00:21]} 24. Nec1 {[%emt 0:00:09]} Rd7 {[%emt 0:00:20]} 25. Rxd7 {[%emt 0:00:05]} Qxd7+ {[%emt 0:00:01]} 26. Kg2 {[%emt 0:00:04]} Rd8 {[%emt 0:00:06]} 27. Nd3 {[%emt 0:00:01]} Bd4 {[%emt 0:00:15]} 28. Qe2 {[%emt 0:00:04]} Rc8 {[%emt 0:00:13]} 29. Rd1 {[%emt 0:00:21]} Qc6 {[%emt 0:00:06]} 30. Ne1 {[%emt 0:00:07]} Nd7 {[%emt 0:00:10]} 31. Nc1 {[%emt 0:00:11]} Nc5 {[%emt 0:00:07]} 32. Ncd3 {[%emt 0:00:05]} Ne6 {[%emt 0:00:02]} 33. Kh2 {[%emt 0:00:18]} Bb6 {[%emt 0:00:04]} 34. Nb2 {[%emt 0:00:14]} Nd4 {[%emt 0:00:02]} 35. Qd3 {[%emt 0:00:04]} Qe6 {[%emt 0:00:12]} 36. Nc4 {[%emt 0:00:04]} Bc7 {[%emt 0:00:09]} 37. c3 {[%emt 0:00:06]} bxc3 {[%emt 0:00:02]} 38. Qxc3 {[%emt 0:00:02]} Rd8 {[%emt 0:00:00]} 39. Kg2 {[%emt 0:00:10]} g5 {[%emt 0:00:01]} 40. hxg5 {[%emt 0:00:02]} fxg5 {[%emt 0:00:01]} 41. Nd3 {[%emt 0:00:04]} g4 {[%emt 0:00:01]} 42. Rf1 {[%emt 0:00:08]} gxf3+ {[%emt 0:00:01]} 43. Kh2 {[%emt 0:00:02]} Qg4 {[%emt 0:00:01]} 44. Ndxe5 {[%emt 0:00:05]} Bxe5 {[%emt 0:00:02]} 45. Nxe5 {[%emt 0:00:02]} Qg5 {[%emt 0:00:03]} 46. Nxf3 {[%emt 0:00:03]} Nxf3+ {[%emt 0:00:02]} 47. Rxf3 {[%emt 0:00:01]} Qd2+ {[%emt 0:00:02]} 48. Kh3 {[%emt 0:00:08]} Qxc3 {[%emt 0:00:01]} 49. Rxc3 {[%emt 0:00:01]} Rd4 {[%emt 0:00:01]} 50. Rc5 {[%emt 0:00:01]} Rd3 {[%emt 0:00:01]} 51. Rxa5 {[%emt 0:00:02]} Rxb3 {[%emt 0:00:01]} 52. Rxh5 {[%emt 0:00:00]} Re3 {[%emt 0:00:01]} 53. e5 {[%emt 0:00:00]} Kf7 {[%emt 0:00:01]} 54. Kg4 {[%emt 0:00:01]} Ke6 {[%emt 0:00:01]} 55. Kf4 {[%emt 0:00:01]} Re1 {[%emt 0:00:02]} 56. Rh6+ {[%emt 0:00:01]} Ke7 {[%emt 0:00:02]} 57. Kf5 {[%emt 0:00:01]} Rf1+ {[%emt 0:00:01]} 58. Kg4 {[%emt 0:00:01]} Re1 {[%emt 0:00:01]} 59. Rh7+ {[%emt 0:00:05]} Ke6 {[%emt 0:00:02]} 60. Rh5 {[%emt 0:00:02]} Rf1 {[%emt 0:00:04]} 61. Rg5 {[%emt 0:00:23]} Rf2 {[%emt 0:00:03]} 62. Kh3 {[%emt 0:00:02]} Rf1 {[%emt 0:00:03]} 63. Kg2 {[%emt 0:00:01]} Rf8 {[%emt 0:00:02]} 64. g4 {[%emt 0:00:06]} Rf4 {[%emt 0:00:03]} 65. Kg3 {[%emt 0:00:02]} Rf1 {[%emt 0:00:01]} 66. Kg2 {[%emt 0:00:01]} Rf4 {[%emt 0:00:02]} 67. Kg3 {[%emt 0:00:01]} Re4 {[%emt 0:00:01]} 68. Kf3 {[%emt 0:00:01]} Re1 {[%emt 0:00:01]} 69. Kf2 {[%emt 0:00:01]} Rxe5 {[%emt 0:00:03]} 70. Rxe5+ {[%emt 0:00:02]} Kxe5 {[%emt 0:00:00]} 71. Kg3 {[%emt 0:00:00]} Kf6 {[%emt 0:00:01]} 72. Kh4 {[%emt 0:00:01]} Kg6 {[%emt 0:00:01]} 73. g5 {[%emt 0:00:04]} Kg7 {[%emt 0:00:04]} 74. Kg3 {[%emt 0:00:02]} Kh7 {[%emt 0:00:04]} 75. Kf3 {[%emt 0:00:05]} Kg6 {[%emt 0:00:00]} 76. Kg4 {[%emt 0:00:01]} Kg7 {[%emt 0:00:01]} 77. Kf5 {[%emt 0:00:01]} Kf7 {[%emt 0:00:01]} 78. g6+ {[%emt 0:00:02]} Kg7 {[%emt 0:00:02]} 79. Kg5 {[%emt 0:00:01]} Kg8 {[%emt 0:00:03]} 80. Kf5 {[%emt 0:00:04]} Kg7 {[%emt 0:00:03]} 81. Kg5 {[%emt 0:00:01]} Kg8 {[%emt 0:00:03]} 82. Kf6 {[%emt 0:00:01]} Kf8 {[%emt 0:00:01]} 83. Kf5 {[%emt 0:00:03]} Kg7 {[%emt 0:00:01] (Lag: Av=0.69s, max=2.2s)} 1/2-1/2